| 000 | 01113 a2200289 4500 | ||
|---|---|---|---|
| 003 | OSt | ||
| 005 | 20260129105501.0 | ||
| 008 | 120601t xxu||||| |||| 00| 0 eng d | ||
| 010 | _a 2008301348 | ||
| 020 | _a9781590306048 | ||
| 020 | _a159030604X | ||
| 035 | _a(OCoLC)ocn269358671 | ||
| 040 | _c0 | ||
| 082 | 0 | 0 | _a720.92 |
| 100 | 1 |
_aLobell, John. _9132968 |
|
| 245 | 1 | 0 |
_aBetween silence and light : _bspirit in the architecture of Louis I. Kahn / _cJohn Lobell. |
| 250 | _a2008 ed. | ||
| 260 |
_aBoston : _bShambhala : _bDistributed in the U.S. by Random House, _c2008. |
||
| 300 |
_avi, 120 p. : _bill. ; _c26 cm. |
||
| 600 | 1 | 0 |
_aKahn, Louis I., _d1901-1974. _934323 |
| 650 | 0 |
_aArchitecture _xPhilosophy. _93569 |
|
| 700 | 1 |
_aKahn, Louis I., _d1901-1974. _934323 |
|
| 856 | 4 | 2 |
_3Contributor biographical information _uhttp://www.loc.gov/catdir/enhancements/fy0905/2008301348-b.html |
| 856 | 4 | 2 |
_3Publisher description _uhttp://www.loc.gov/catdir/enhancements/fy0905/2008301348-d.html |
| 942 |
_aSADA _cBK _k720.92 LOB 2008 _2ddc |
||
| 999 |
_c352925 _d352925 |
||